000 00867nam a2200241 a 4500
001 000026183
005 20200930024355.0
008 100719s1968 sp 001 e spa d
040 _aDO-SdBNP
_bspa
_cBNPHU
082 _a864.6
_bÓ77i, 1968
100 1 _aOrtega y Gasset, José,
_d1883-1955.
_95769
245 1 0 _aIdeas y creencias :
_bcon arreglo a la ordenacion definitiva de los textos del autor /
_cJosé Ortega y Gasset.
250 _a7a ed.
260 _aMadrid :
_bEspasa-Calpe,
_c1968.
300 _a208, [16] p. ;
_c18 cm.
490 1 _aAustral. Verde: ensayos y filosofía
_v151
500 _aIncluye índice de autores
650 4 _aEnsayos españoles
_93095
650 4 _aLiteratura española
_9632
650 4 _aFilosofía española
_xEnsayos, conferencias, etc.
_94017
830 0 _aAustral.
_pVerde: ensayos y filosofía;
_v151
_98733
049 _aBNGR
999 _c25675
_d25675